[Event "17. Europa ch Juvenil - Femenino s14"]
[Site "Sibenik CRO"]
[Date "2007.09.17"]
[Round "4.19"]
[White "Miladinovic, Lena"]
[Black "Bazhenova, Dina"]
[Result "1/2-1/2"]
[WhiteElo "1815"]
[BlackElo "1910"]
[PlyCount "115"]
[EventDate "2007.09.14"]
[EventType "swiss"]
[EventRounds "9"]
[EventCountry "CRO"]
[Source "lmi"]
[SourceDate "2007.09.14"]

1. e4 c5 2. Nf3 Nc6 3. d4 cxd4 4. Nxd4 Nf6 5. Nc3 e5 6. Ndb5 d6 7. Bg5 a6 8.
Bxf6 gxf6 9. Na3 b5 10. Nd5 Bg7 11. c3 f5 12. Bd3 Be6 13. Bb1 f4 14. O-O Ne7
15. Nxe7 Qxe7 16. Nc2 O-O 17. a3 a5 18. Ba2 Bxa2 19. Rxa2 Qe6 20. Ra1 Qc4 21.
Re1 Rad8 22. a4 bxa4 23. Na3 Qc6 24. Qe2 d5 25. exd5 Rxd5 26. Rad1 Rfd8 27.
Rxd5 Rxd5 28. g3 fxg3 29. hxg3 Qd7 30. Nc4 Qe6 31. Rd1 f5 32. Ne3 Rd7 33. Rxd7
Qxd7 34. Qc4+ Kh8 35. Qa6 h6 36. Qg6 f4 37. Nf5 Qd1+ 38. Kh2 fxg3+ 39. Nxg3 Qd2
40. Kg2 Qxb2 41. Qe8+ Kh7 42. Qxa4 Qxc3 43. Qe4+ Kg8 44. Qd5+ Kh8 45. Qa8+ Kh7
46. Qe4+ Kg8 47. Qd5+ Kf8 48. Qa8+ Kf7 49. Qd5+ Ke8 50. Qa8+ Ke7 51. Qb7+ Kf8
52. Qa8+ Kf7 53. Qd5+ Kg6 54. Qe4+ Kf7 55. Qd5+ Ke8 56. Qa8+ Kd7 57. Qd5+ Ke7
58. Qb7+ 1/2-1/2

[Event "17. Europa ch Juvenil - Femenino s14"]
[Site "Sibenik CRO"]
[Date "2007.09.17"]
[Round "4.22"]
[White "Neuhauser, Salome"]
[Black "Barbageorgopoulou, Fani"]
[Result "1-0"]
[WhiteElo "1878"]
[BlackElo "1792"]
[PlyCount "37"]
[EventDate "2007.09.14"]
[EventType "swiss"]
[EventRounds "9"]
[EventCountry "CRO"]
[Source "lmi"]
[SourceDate "2007.09.14"]

1. e4 c5 2. Nc3 Nc6 3. f4 d6 4. Nf3 g6 5. Bc4 Bg7 6. O-O Nf6 7. d3 O-O 8. Qe1
Bd7 9. f5 e6 10. Qh4 Nd4 11. Bh6 exf5 12. Ng5 Nxc2 13. Nd5 Nh5 14. Bxg7 Kxg7
15. exf5 Nxa1 16. Nf4 h6 17. Nxh5+ gxh5 18. f6+ Kg8 19. Qxh5 1-0

[Event "17. Europa ch Juvenil - Femenino s14"]
[Site "Sibenik CRO"]
[Date "2007.09.18"]
[Round "5.1"]
[White "Paikidze, Nazi"]
[Black "Butuc, Maria"]
[Result "1/2-1/2"]
[WhiteElo "2230"]
[BlackElo "2082"]
[PlyCount "194"]
[EventDate "2007.09.14"]
[EventType "swiss"]
[EventRounds "9"]
[EventCountry "CRO"]
[Source "lmi"]
[SourceDate "2007.09.14"]

1. d4 d5 2. c4 c6 3. Nf3 Nf6 4. e3 a6 5. Bd3 g6 6. Nbd2 Bg7 7. Qc2 O-O 8. O-O
Nbd7 9. b3 b5 10. Bb2 Bb7 11. Rad1 Rc8 12. e4 dxe4 13. Nxe4 Nxe4 14. Bxe4 Qb6
15. Rfe1 Nf6 16. Bd3 e6 17. Qe2 Rfd8 18. Ne5 Qc7 19. Bb1 Qe7 20. a4 bxa4 21.
bxa4 Nd7 22. Bc3 Nxe5 23. dxe5 c5 24. Be4 Bxe4 25. Qxe4 Rxd1 26. Rxd1 Rd8 27.
Qc2 Qg5 28. Rxd8+ Qxd8 29. f4 g5 30. f5 exf5 31. Qxf5 Qd1+ 32. Kf2 Qd8 33. Qe4
Qe8 34. a5 h6 35. Qd5 Qe7 36. Ke3 Kh7 37. Kd3 Qe6 38. Qxc5 Qf5+ 39. Kd2 Qf4+
40. Qe3 Qxh2 41. Qe4+ Kg8 42. Bd4 Qg3 43. c5 Qa3 44. Qa8+ Kh7 45. Qxa6 Qa2+ 46.
Ke3 Qxg2 47. Qe2 Qd5 48. Kd3 Qb3+ 49. Ke4 Qb7+ 50. Ke3 Qd5 51. Qd3+ Kg8 52. Qc3
Qc6 53. Kf2 g4 54. Qd3 Bxe5 55. Bxe5 Qxc5+ 56. Qd4 Qxa5 57. Kg3 Qe1+ 58. Kxg4
Qe2+ 59. Kh4 Kh7 60. Bf4 Qe1+ 61. Kg4 Qe6+ 62. Kf3 Qh3+ 63. Kf2 Qh4+ 64. Ke2
Qg4+ 65. Ke1 Qe6+ 66. Kf2 Qf5 67. Qd6 Qg6 68. Qb8 Qc2+ 69. Ke3 Qc3+ 70. Ke4
Qc4+ 71. Ke5 Qe6+ 72. Kd4 Qd7+ 73. Kc5 Qf5+ 74. Kc6 Qe6+ 75. Bd6 h5 76. Qb1+
Qg6 77. Qe1 Qe6 78. Qh4 Qc8+ 79. Kb6 Qg4 80. Qe7 Qe6 81. Qd8 Kg7 82. Qg5+ Qg6
83. Qf4 Qf6 84. Qg3+ Qg6 85. Qh2 Kh7 86. Kc7 Qf5 87. Qh4 Kg7 88. Qg3+ Qg4 89.
Qe3 Qf5 90. Qe1 Qe6 91. Qb4 Qg4 92. Qb6 Qe6 93. Qd4+ Kg6 94. Qh8 Qc4+ 95. Kd8
Qg4 96. Qg8+ Kf6 97. Qe8 Qe6 1/2-1/2

[Event "17. Europa ch Juvenil - Femenino s14"]
[Site "Sibenik CRO"]
[Date "2007.09.18"]
[Round "5.2"]
[White "Vombek, Sara"]
[Black "Bulmaga, Irina"]
[Result "0-1"]
[WhiteElo "1873"]
[BlackElo "2158"]
[PlyCount "84"]
[EventDate "2007.09.14"]
[EventType "swiss"]
[EventRounds "9"]
[EventCountry "CRO"]
[Source "lmi"]
[SourceDate "2007.09.14"]

1. e4 c5 2. Nf3 e6 3. d4 cxd4 4. Nxd4 a6 5. c4 Nf6 6. Nc3 Bb4 7. Bd3 Nc6 8.
Nde2 O-O 9. a3 Be7 10. O-O Ng4 11. Ng3 Nge5 12. f4 Qb6+ 13. Kh1 Nxd3 14. Qxd3
Qd4 15. Qxd4 Nxd4 16. Na4 b5 17. cxb5 axb5 18. Nb6 Rb8 19. Nxc8 Rfxc8 20. Bd2
Rc2 21. Bc3 Nb3 22. Rad1 Rb7 23. Rfe1 Bxa3 24. Re2 Rxe2 25. Nxe2 Be7 26. Nd4
Nxd4 27. Bxd4 f6 28. Kg1 Rc7 29. Kf1 Rc2 30. Rd3 Kf7 31. Rb3 b4 32. Rd3 h6 33.
e5 d5 34. exd6 Bxd6 35. Be3 Ke7 36. b3 g5 37. fxg5 hxg5 38. h3 e5 39. Bd2 Ke6
40. Ke1 e4 41. Re3 Rxd2 42. Kxd2 Bf4 0-1

[Event "17. Europa ch Juvenil - Femenino s14"]
[Site "Sibenik CRO"]
[Date "2007.09.18"]
[Round "5.3"]
[White "Soloviova, Liza"]
[Black "Danelia, Mariam"]
[Result "1-0"]
[WhiteElo "2098"]
[BlackElo "2066"]
[PlyCount "63"]
[EventDate "2007.09.14"]
[EventType "swiss"]
[EventRounds "9"]
[EventCountry "CRO"]
[Source "lmi"]
[SourceDate "2007.09.14"]

1. d4 Nf6 2. c4 e6 3. Nc3 Bb4 4. Qc2 O-O 5. Nf3 c5 6. a3 Bxc3+ 7. bxc3 b6 8. e4
Bb7 9. Bd3 d5 10. cxd5 exd5 11. e5 Ne4 12. O-O Qc7 13. Qb2 f6 14. exf6 Rxf6 15.
Ne5 Nd7 16. f3 Nd6 17. Qc2 Nf8 18. Bg5 Re6 19. Qf2 c4 20. Bc2 Nf7 21. f4 Nxe5
22. fxe5 Bc6 23. Qf3 Ree8 24. Qh5 g6 25. Qh4 Re6 26. Rf3 Nd7 27. Rh3 Nf8 28.
Rf1 b5 29. Rhf3 Nd7 30. Rf7 h5 31. Bxg6 Rxg6 32. Qxh5 1-0

[Event "17. Europa ch Juvenil - Femenino s14"]
[Site "Sibenik CRO"]
[Date "2007.09.18"]
[Round "5.4"]
[White "Vince, Andrea"]
[Black "Arabidze, Meri"]
[Result "0-1"]
[WhiteElo "1990"]
[BlackElo "2095"]
[PlyCount "86"]
[EventDate "2007.09.14"]
[EventType "swiss"]
[EventRounds "9"]
[EventCountry "CRO"]
[Source "lmi"]
[SourceDate "2007.09.14"]

1. e4 c6 2. d4 d5 3. exd5 cxd5 4. Bd3 Nc6 5. c3 Qc7 6. Ne2 Bg4 7. O-O Nf6 8.
Na3 a6 9. Nc2 e5 10. f3 Bd7 11. dxe5 Nxe5 12. Ned4 Bd6 13. f4 Nxd3 14. Qxd3 O-O
15. Kh1 Rfe8 16. Bd2 Re4 17. Nb4 Rae8 18. a4 a5 19. Nbc2 Bxf4 20. Bxf4 Rxf4 21.
Rxf4 Qxf4 22. Rf1 Qh4 23. Nf5 Bxf5 24. Qxf5 Qxa4 25. Nd4 Qd7 26. Qxd7 Nxd7 27.
Kg1 f6 28. Rd1 Nb6 29. Kf2 a4 30. Nf5 Re5 31. Nd6 Nc4 32. Nxc4 dxc4 33. Rd8+
Kf7 34. Rd7+ Re7 35. Rd5 b6 36. Rb5 Ra7 37. Rxb6 a3 38. bxa3 Rxa3 39. Rb2 Rxc3
40. Ke2 Kg6 41. Kd2 Rd3+ 42. Ke2 c3 43. Rc2 Rd2+ 0-1

[Event "17. Europa ch Juvenil - Femenino s14"]
[Site "Sibenik CRO"]
[Date "2007.09.18"]
[Round "5.5"]
[White "Suslova, Alena"]
[Black "Suarez Calvo, Alexandra"]
[Result "1-0"]
[WhiteElo "2091"]
[BlackElo "1970"]
[PlyCount "79"]
[EventDate "2007.09.14"]
[EventType "swiss"]
[EventRounds "9"]
[EventCountry "CRO"]
[Source "lmi"]
[SourceDate "2007.09.14"]

1. c4 e5 2. Nc3 Bb4 3. g3 Bxc3 4. bxc3 d6 5. Bg2 Ne7 6. e3 Nbc6 7. d4 O-O 8.
Ne2 Na5 9. Qd3 Rb8 10. O-O b6 11. Ba3 Ba6 12. dxe5 Bxc4 13. Qc2 dxe5 14. Rfd1
Qe8 15. f4 c5 16. fxe5 Ng6 17. Nf4 Qxe5 18. Re1 Rfe8 19. Rad1 Rbd8 20. Bc1 Ne7
21. e4 Ng6 22. Nd5 Nc6 23. Bf4 Nxf4 24. gxf4 Qb8 25. Qf2 Ne7 26. Ne3 Bb5 27. c4
Ba4 28. Rxd8 Qxd8 29. Nd5 Ng6 30. Re3 Bd7 31. Ra3 Qb8 32. Rg3 f5 33. e5 Be6 34.
h4 Kh8 35. h5 Ne7 36. h6 g6 37. Rd3 Ng8 38. Nf6 Rd8 39. Qd2 Rc8 40. Bd5 1-0

[Event "17. Europa ch Juvenil - Femenino s14"]
[Site "Sibenik CRO"]
[Date "2007.09.18"]
[Round "5.6"]
[White "Tjolsen, Katrine"]
[Black "Varga, Klara"]
[Result "1-0"]
[WhiteElo "2081"]
[BlackElo "1952"]
[PlyCount "79"]
[EventDate "2007.09.14"]
[EventType "swiss"]
[EventRounds "9"]
[EventCountry "CRO"]
[Source "lmi"]
[SourceDate "2007.09.14"]

1. c4 f5 2. Nc3 Nf6 3. g3 g6 4. Bg2 Bg7 5. d3 O-O 6. e4 fxe4 7. dxe4 d6 8. Nge2
e5 9. O-O Be6 10. b3 Nbd7 11. f3 Nb6 12. Qd3 Qd7 13. Nd5 Nbxd5 14. cxd5 Bh3 15.
Be3 Bxg2 16. Kxg2 c6 17. Nc3 c5 18. a4 Ne8 19. Rab1 a5 20. Nb5 Nc7 21. Na3 Rfb8
22. Nc4 b5 23. axb5 Rxb5 24. Bd2 a4 25. bxa4 Rxa4 26. Nb6 Rxb6 27. Rxb6 Ra2 28.
Rf2 h6 29. Qb3 Ra8 30. Rb7 Qc8 31. Qb6 Ne8 32. Ba5 Kh7 33. Rb2 c4 34. Rb8 Rxb8
35. Qxb8 Qc5 36. Qb4 Qd4 37. Rc2 Qa1 38. Bb6 Nf6 39. Qxc4 Qe1 40. Bf2 1-0

[Event "17. Europa ch Juvenil - Femenino s14"]
[Site "Sibenik CRO"]
[Date "2007.09.18"]
[Round "5.7"]
[White "Kluchik, Julia"]
[Black "Stodolnik, Alicja"]
[Result "1-0"]
[WhiteElo "2049"]
[BlackElo "1789"]
[PlyCount "91"]
[EventDate "2007.09.14"]
[EventType "swiss"]
[EventRounds "9"]
[EventCountry "CRO"]
[Source "lmi"]
[SourceDate "2007.09.14"]

1. d4 d5 2. Nf3 Nf6 3. c4 e6 4. Nc3 Be7 5. Bg5 O-O 6. e3 c6 7. Qc2 Nbd7 8. Rd1
Re8 9. Bd3 Nf8 10. O-O Ng6 11. Ne5 Nd7 12. Bxe7 Qxe7 13. f4 dxc4 14. Bxc4 Nb6
15. Bd3 Bd7 16. Qe2 Rad8 17. Qh5 Nd5 18. Nxd5 cxd5 19. Rf3 Nf8 20. Bxh7+ Nxh7
21. Rh3 Qf6 22. Qxh7+ Kf8 23. Rg3 Qh6 24. Qxh6 gxh6 25. Rc1 Re7 26. Rh3 Bb5 27.
Rxh6 Kg7 28. Rh3 f6 29. Nf3 Kg6 30. g4 Ba6 31. Kf2 b6 32. Rg3 Rdd7 33. h4 Rc7
34. Rgg1 Bd3 35. h5+ Kh6 36. Kg3 Be4 37. Nd2 f5 38. Nxe4 dxe4 39. Rxc7 Rxc7 40.
gxf5 exf5 41. Kh4 Rc2 42. Rg6+ Kh7 43. Kg5 Re2 44. Kxf5 Rxe3 45. Re6 Rh3 46.
Kxe4 1-0

[Event "17. Europa ch Juvenil - Femenino s14"]
[Site "Sibenik CRO"]
[Date "2007.09.18"]
[Round "5.8"]
[White "Stetsko, Lanita"]
[Black "Bochis, Julia"]
[Result "1-0"]
[WhiteElo "2029"]
[BlackElo "1936"]
[PlyCount "57"]
[EventDate "2007.09.14"]
[EventType "swiss"]
[EventRounds "9"]
[EventCountry "CRO"]
[Source "lmi"]
[SourceDate "2007.09.14"]

1. e4 c5 2. Nc3 a6 3. Nf3 e6 4. d4 cxd4 5. Nxd4 Qc7 6. g3 b5 7. Bg2 Bb7 8. O-O
d6 9. a3 Nf6 10. f4 Nc6 11. Be3 Be7 12. g4 O-O 13. g5 Nd7 14. Qh5 Nxd4 15. Bxd4
e5 16. Be3 g6 17. Qh6 f6 18. f5 gxf5 19. g6 Rf7 20. gxf7+ Kh8 21. Rxf5 Bf8 22.
Qh4 Bg7 23. Raf1 Qd8 24. Rh5 Nf8 25. Bh6 Qe7 26. Bxg7+ Kxg7 27. Rh6 Qxf7 28.
Rhxf6 Qg8 29. Qh6+ 1-0

[Event "17. Europa ch Juvenil - Femenino s14"]
[Site "Sibenik CRO"]
[Date "2007.09.18"]
[Round "5.9"]
[White "Trapeznikova, Darya"]
[Black "Zakoscielna, Kinga"]
[Result "0-1"]
[WhiteElo "1959"]
[BlackElo "2020"]
[PlyCount "74"]
[EventDate "2007.09.14"]
[EventType "swiss"]
[EventRounds "9"]
[EventCountry "CRO"]
[Source "lmi"]
[SourceDate "2007.09.14"]

1. d4 Nf6 2. c4 e6 3. Nf3 Bb4+ 4. Bd2 a5 5. g3 d5 6. a3 Bxd2+ 7. Nbxd2 O-O 8.
Bg2 Nc6 9. O-O Qd6 10. Re1 Ne4 11. e3 f5 12. Qc2 Bd7 13. Rab1 a4 14. c5 Qe7 15.
Rbc1 Qf6 16. Nf1 g5 17. N3d2 g4 18. f3 Ng5 19. Qd1 h5 20. Rc3 Kg7 21. f4 Ne4
22. Bxe4 dxe4 23. Nc4 Ne7 24. Ne5 Bb5 25. b4 Nd5 26. Rc1 Rh8 27. c6 bxc6 28.
Nxc6 h4 29. Qd2 Bxf1 30. Kxf1 hxg3 31. hxg3 Rh3 32. Kg2 Rah8 33. Rh1 Qh6 34.
Qe1 Rh2+ 35. Rxh2 Qxh2+ 36. Kf1 Qh1+ 37. Ke2 Qf3+ 0-1

[Event "17. Europa ch Juvenil - Femenino s14"]
[Site "Sibenik CRO"]
[Date "2007.09.18"]
[Round "5.10"]
[White "Trifonova, Sandra"]
[Black "Baciu, Diana"]
[Result "1-0"]
[WhiteElo "1889"]
[BlackElo "2048"]
[PlyCount "87"]
[EventDate "2007.09.14"]
[EventType "swiss"]
[EventRounds "9"]
[EventCountry "CRO"]
[Source "lmi"]
[SourceDate "2007.09.14"]

1. d4 Nf6 2. Nf3 d5 3. c4 e6 4. Bg5 c6 5. Nc3 Nbd7 6. cxd5 exd5 7. e3 Be7 8.
Qc2 O-O 9. Bd3 Re8 10. O-O Nf8 11. h3 g6 12. Ne5 Ne6 13. Bh4 Ng7 14. Rab1 Bf5
15. b4 Bxd3 16. Nxd3 a6 17. a4 Nf5 18. Bxf6 Bxf6 19. b5 axb5 20. axb5 Qe7 21.
bxc6 bxc6 22. Nb4 Rac8 23. Na4 Qe4 24. Qxe4 Rxe4 25. Rfc1 Ne7 26. Nb6 Rd8 27.
Nxc6 Nxc6 28. Rxc6 Re6 29. Rc5 Be7 30. Rcb5 Red6 31. Kf1 f5 32. Na4 Kf7 33. Nc5
Rc6 34. Nd3 Rcd6 35. Ra1 Kf6 36. Ra7 g5 37. Rbb7 Re8 38. Nb4 h6 39. Rb5 Ke6 40.
Na6 Kf6 41. Nc7 Red8 42. Raa5 R6d7 43. Nxd5+ Ke6 44. Nxe7 1-0

[Event "17. Europa ch Juvenil - Femenino s14"]
[Site "Sibenik CRO"]
[Date "2007.09.18"]
[Round "5.11"]
[White "Efremova, Daria"]
[Black "Adamowicz, Katarzyna"]
[Result "1-0"]
[WhiteElo "2033"]
[BlackElo "2007"]
[PlyCount "95"]
[EventDate "2007.09.14"]
[EventType "swiss"]
[EventRounds "9"]
[EventCountry "CRO"]
[Source "lmi"]
[SourceDate "2007.09.14"]

1. e4 e5 2. Nf3 Nc6 3. Bc4 Bc5 4. c3 Nf6 5. d3 a6 6. Bb3 Ba7 7. Nbd2 O-O 8. h3
d6 9. Nf1 Ne7 10. Bg5 Ng6 11. Qd2 Be6 12. Bc2 h6 13. Be3 Nh5 14. g4 Nhf4 15.
Ng3 Ng2+ 16. Kf1 Nxe3+ 17. fxe3 Nh4 18. Qe2 Kh7 19. Nf5 Nxf3 20. Qxf3 g6 21.
Ng3 Qg5 22. Ke2 Rad8 23. Rag1 b5 24. Nf5 Qf6 25. h4 Bxf5 26. gxf5 c6 27. Bb3 d5
28. exd5 Qxf5 29. Qxf5 gxf5 30. dxc6 f4 31. d4 fxe3 32. d5 a5 33. c4 bxc4 34.
Bxc4 f5 35. Rh2 Bd4 36. c7 Rc8 37. d6 e4 38. Bd5 Be5 39. Rhg2 Bxd6 40. Rg7+ Kh8
41. Rd7 Rxc7 42. Rxd6 Kh7 43. Kxe3 f4+ 44. Kd4 Rg7 45. Bxe4+ Kg8 46. Rxg7+ Kxg7
47. Rg6+ Kf7 48. Rxh6 1-0

[Event "17. Europa ch Juvenil - Femenino s14"]
[Site "Sibenik CRO"]
[Date "2007.09.18"]
[Round "5.12"]
[White "Sokolova, Vera"]
[Black "Brunello, Marina"]
[Result "1-0"]
[WhiteElo "2009"]
[BlackElo "1947"]
[PlyCount "71"]
[EventDate "2007.09.14"]
[EventType "swiss"]
[EventRounds "9"]
[EventCountry "CRO"]
[Source "lmi"]
[SourceDate "2007.09.14"]

1. e4 e5 2. Nf3 Nc6 3. Bb5 a6 4. Ba4 d6 5. O-O Bd7 6. d4 b5 7. Bb3 Nxd4 8. Nxd4
exd4 9. c3 dxc3 10. Qd5 Be6 11. Qc6+ Bd7 12. Qd5 Be6 13. Qc6+ Bd7 14. Qxc3 c5
15. a4 c4 16. Bc2 Nf6 17. f4 Be7 18. e5 Nd5 19. Qg3 O-O 20. Be4 Bc6 21. Qh3 g6
22. f5 dxe5 23. fxg6 Bc5+ 24. Kh1 fxg6 25. Qe6+ Kg7 26. Qxe5+ Kg8 27. Rxf8+
Bxf8 28. Qe6+ Kh8 29. Bd2 Rc8 30. axb5 axb5 31. Ra7 Bg7 32. h3 b4 33. Bh6 Bf6
34. Bg5 Rc7 35. Rxc7 Bxg5 36. Rxh7+ 1-0

[Event "17. Europa ch Juvenil - Femenino s14"]
[Site "Sibenik CRO"]
[Date "2007.09.18"]
[Round "5.13"]
[White "Pavlidou, Ekaterini"]
[Black "Neuhauser, Salome"]
[Result "0-1"]
[WhiteElo "1984"]
[BlackElo "1878"]
[PlyCount "94"]
[EventDate "2007.09.14"]
[EventType "swiss"]
[EventRounds "9"]
[EventCountry "CRO"]
[Source "lmi"]
[SourceDate "2007.09.14"]

1. d4 Nf6 2. Nf3 g6 3. c4 Bg7 4. Nc3 O-O 5. e4 d6 6. Be2 e5 7. dxe5 dxe5 8.
Qxd8 Rxd8 9. Bg5 Re8 10. O-O-O c6 11. Nxe5 Nxe4 12. Nxe4 Bxe5 13. Rhe1 Kg7 14.
Bd3 Na6 15. Ng3 Nc5 16. Bc2 f6 17. Be3 Na6 18. f4 Bc7 19. Kb1 Bg4 20. Rc1 Ba5
21. h3 Bxe1 22. Rxe1 Bd7 23. a3 Re7 24. Rd1 Rae8 25. Bxa7 Re1 26. Bd4 Rxd1+ 27.
Bxd1 Bxh3 28. gxh3 Rd8 29. Bc3 Rxd1+ 30. Kc2 Rd8 31. Ne4 Kf7 32. Nxf6 h5 33.
Ne4 Ke6 34. Be5 b6 35. b4 Ra8 36. Kb3 Nb8 37. Nf6 Nd7 38. Nxd7 Kxd7 39. a4 c5
40. b5 Re8 41. h4 g5 42. hxg5 h4 43. g6 h3 44. f5 Rxe5 45. g7 Re8 46. f6 Ke6
47. a5 bxa5 0-1

[Event "17. Europa ch Juvenil - Femenino s14"]
[Site "Sibenik CRO"]
[Date "2007.09.18"]
[Round "5.14"]
[White "Bluebaum, Johanna"]
[Black "Miladinovic, Lena"]
[Result "1-0"]
[WhiteElo "1946"]
[BlackElo "1815"]
[PlyCount "93"]
[EventDate "2007.09.14"]
[EventType "swiss"]
[EventRounds "9"]
[EventCountry "CRO"]
[Source "lmi"]
[SourceDate "2007.09.14"]

1. d4 Nf6 2. c4 g6 3. Nc3 Bg7 4. e4 d6 5. Nf3 O-O 6. Be2 e5 7. Be3 Ng4 8. Bg5
f6 9. Bc1 Nh6 10. O-O Nc6 11. d5 Ne7 12. Ne1 f5 13. f3 f4 14. Nd3 g5 15. c5 Rf6
16. cxd6 cxd6 17. Bd2 Nf7 18. Nf2 Rg6 19. Nb5 a6 20. Na3 Rh6 21. Nc4 Rb8 22.
Ba5 b6 23. Qb3 g4 24. Bxb6 Qe8 25. fxg4 Ng6 26. Qa3 Qb5 27. Bc7 f3 28. Qxf3 Ng5
29. Qe3 Nf4 30. Bxb8 Qxb8 31. Nd3 Ngh3+ 32. gxh3 Rxh3 33. Qd2 Nxd3 34. Bxd3
Bxg4 35. Be2 Bd7 36. Rf3 Rh4 37. Qe3 Bh6 38. Rg3+ Kh8 39. Qf2 Bf4 40. Rg2 Rh6
41. Qb6 Qf8 42. Kh1 Bh3 43. Rf2 Rg6 44. Rg1 Rxg1+ 45. Kxg1 Qf7 46. Qd8+ Kg7 47.
Qxd6 1-0

[Event "17. Europa ch Juvenil - Femenino s14"]
[Site "Sibenik CRO"]
[Date "2007.09.18"]
[Round "5.15"]
[White "Purgar, Ivona"]
[Black "Kolaric, Spela"]
[Result "1/2-1/2"]
[WhiteElo "1944"]
[BlackElo "1827"]
[PlyCount "106"]
[EventDate "2007.09.14"]
[EventType "swiss"]
[EventRounds "9"]
[EventCountry "CRO"]
[Source "lmi"]
[SourceDate "2007.09.14"]

1. e4 e5 2. Nf3 Nc6 3. Bb5 a6 4. Ba4 Nf6 5. O-O Be7 6. Re1 b5 7. Bb3 d6 8. c3
O-O 9. h3 Na5 10. Bc2 c5 11. d4 Qc7 12. Nbd2 cxd4 13. cxd4 Bd7 14. Nf1 Rac8 15.
Re2 Rfe8 16. Ne3 Nc6 17. dxe5 Nxe5 18. Nxe5 dxe5 19. Bb3 Red8 20. Nd5 Nxd5 21.
exd5 Bf5 22. Be3 Qd6 23. a4 b4 24. a5 Qg6 25. Kh1 Bd6 26. Bb6 Re8 27. Ba4 Re7
28. Rc1 Rxc1 29. Qxc1 h6 30. Qe3 Bd7 31. Bxd7 Rxd7 32. Qc1 Kh7 33. Qc4 Re7 34.
Re1 e4 35. Qxa6 e3 36. Qf1 e2 37. Qg1 Bf4 38. Be3 Bxe3 39. fxe3 Qd3 40. Qf2
Qxd5 41. a6 Qd3 42. Qxe2 Qxe2 43. Rxe2 Ra7 44. Rd2 Rxa6 45. Rd4 Ra1+ 46. Kh2
Re1 47. Rxb4 Rxe3 48. Rb6 g6 49. b4 Rb3 50. b5 Kg7 51. Rb8 Kh7 52. b6 Kg7 53.
b7 Kh7 1/2-1/2

[Event "17. Europa ch Juvenil - Femenino s14"]
[Site "Sibenik CRO"]
[Date "2007.09.18"]
[Round "5.16"]
[White "Bazhenova, Dina"]
[Black "Androni, Konstantina"]
[Result "1-0"]
[WhiteElo "1910"]
[BlackElo "1804"]
[PlyCount "103"]
[EventDate "2007.09.14"]
[EventType "swiss"]
[EventRounds "9"]
[EventCountry "CRO"]
[Source "lmi"]
[SourceDate "2007.09.14"]

1. e4 d5 2. exd5 Qxd5 3. Nf3 Bg4 4. Be2 Nc6 5. d4 O-O-O 6. Be3 Nf6 7. O-O Bxf3
8. Bxf3 Qd7 9. c3 e5 10. dxe5 Nxe5 11. Qxd7+ Rxd7 12. Be2 Bd6 13. Nd2 Re8 14.
h3 Nd5 15. Bd4 Nf4 16. Bd1 Ned3 17. Bg4 Ne6 18. Nc4 Bc5 19. Bxc5 Ndxc5 20. Ne5
Rde7 21. Rad1 Kb8 22. b4 Ne4 23. c4 Nf6 24. Bxe6 Rxe6 25. Nxf7 h6 26. f4 Re2
27. Rf2 R2e4 28. Ne5 Nh5 29. Rfd2 b6 30. Rd8+ Rxd8 31. Rxd8+ Kb7 32. b5 Nf6 33.
Kh2 a6 34. a4 Re2 35. Kg3 Re3+ 36. Kf2 Re4 37. Kf3 Re1 38. g4 g5 39. Nc6 Re8
40. Rxe8 Nxe8 41. f5 Nd6 42. f6 axb5 43. cxb5 Kc8 44. Ne5 Kd8 45. Ke3 Ke8 46.
Kd4 Nb7 47. Kd5 Nc5 48. Kc6 Nxa4 49. Kxc7 Kf8 50. Kd6 Nc3 51. Ke6 Nxb5 52. Ng6+
1-0

[Event "17. Europa ch Juvenil - Femenino s14"]
[Site "Sibenik CRO"]
[Date "2007.09.18"]
[Round "5.17"]
[White "Remoli Sargues, Lidia"]
[Black "Vericeanu, Ilinca"]
[Result "1-0"]
[WhiteElo "1894"]
[BlackElo "1669"]
[PlyCount "47"]
[EventDate "2007.09.14"]
[EventType "swiss"]
[EventRounds "9"]
[EventCountry "CRO"]
[Source "lmi"]
[SourceDate "2007.09.14"]

1. d4 Nf6 2. Bg5 e6 3. e4 Be7 4. Bd3 c5 5. e5 Nd5 6. Bxe7 Qxe7 7. Qg4 f5 8.
exf6 Nxf6 9. Qh4 cxd4 10. Qxd4 e5 11. Qc3 Nc6 12. Nd2 d5 13. O-O-O Be6 14. Bb5
d4 15. Bxc6+ bxc6 16. Qxc6+ Kf7 17. Qa6 Rhc8 18. Qd3 Rab8 19. Ngf3 Bxa2 20.
Rhe1 Qb4 21. Nxe5+ Kg8 22. Qa3 d3 23. Qxa2+ Kh8 24. Nf7+ 1-0

[Event "17. Europa ch Juvenil - Femenino s14"]
[Site "Sibenik CRO"]
[Date "2007.09.19"]
[Round "6.1"]
[White "Bulmaga, Irina"]
[Black "Soloviova, Liza"]
[Result "1/2-1/2"]
[WhiteElo "2158"]
[BlackElo "2098"]
[PlyCount "143"]
[EventDate "2007.09.14"]
[EventType "swiss"]
[EventRounds "9"]
[EventCountry "CRO"]
[Source "lmi"]
[SourceDate "2007.09.14"]

1. e4 e5 2. Nf3 Nf6 3. Nxe5 d6 4. Nf3 Nxe4 5. Nc3 Nf6 6. d4 Be7 7. Be2 c6 8.
O-O O-O 9. d5 c5 10. Bf4 a6 11. a4 Re8 12. Re1 Nbd7 13. h3 Nf8 14. Nd2 Ng6 15.
Bh2 Rb8 16. Nc4 Bf8 17. Bd3 Rxe1+ 18. Qxe1 Nh4 19. Qd1 Nf5 20. a5 Nd4 21. Ne4
Nxe4 22. Bxe4 Bf5 23. Bxf5 Nxf5 24. Qf3 Nd4 25. Qe4 Qf6 26. Re1 Rd8 27. c3 Nf5
28. Qf3 Qg6 29. Qf4 h5 30. Qf3 Nh6 31. Bf4 Nf5 32. Kh1 Nh6 33. Bxh6 Qxh6 34.
Qe4 Qf6 35. Kg1 Qg5 36. Re3 g6 37. Re1 Kg7 38. Qf3 Qf6 39. Qd3 Rd7 40. Nd2 Re7
41. Rxe7 Bxe7 42. Nc4 Qf4 43. g3 Qg5 44. h4 Qg4 45. Kh2 Qd7 46. Qe4 Bd8 47. Kg2
Bc7 48. Qf4 Qa4 49. Kh2 Qd7 50. b3 Qe7 51. Kg2 Qd7 52. Kg1 Qe7 53. Kg2 Qd7 54.
Qe4 Bd8 55. f3 Bc7 56. g4 hxg4 57. fxg4 Qd8 58. g5 Bxa5 59. Qf4 Bc7 60. Nd2 Qe7
61. Ne4 b5 62. Kg3 a5 63. Nf6 Qe1+ 64. Kg2 Qe2+ 65. Kg3 b4 66. cxb4 axb4 67. h5
gxh5 68. Qf5 h4+ 69. Kxh4 Qh2+ 70. Kg4 Qg2+ 71. Kh4 Qh2+ 72. Kg4 1/2-1/2

[Event "17. Europa ch Juvenil - Femenino s14"]
[Site "Sibenik CRO"]
[Date "2007.09.19"]
[Round "6.2"]
[White "Tjolsen, Katrine"]
[Black "Paikidze, Nazi"]
[Result "0-1"]
[WhiteElo "2081"]
[BlackElo "2230"]
[PlyCount "151"]
[EventDate "2007.09.14"]
[EventType "swiss"]
[EventRounds "9"]
[EventCountry "CRO"]
[Source "lmi"]
[SourceDate "2007.09.14"]

1. c4 e5 2. g3 Nc6 3. Bg2 g6 4. Nc3 Bg7 5. d3 d6 6. e4 Nge7 7. Nge2 O-O 8. O-O
Be6 9. Nd5 Qd7 10. Rb1 Nd8 11. d4 exd4 12. Nxd4 c6 13. Ne3 c5 14. Ne2 Ndc6 15.
b3 f5 16. Nf4 fxe4 17. Bxe4 Rxf4 18. gxf4 Rf8 19. Nd5 Nf5 20. Be3 Nh4 21. f3
Bh3 22. Rf2 Nf5 23. Bxc5 Nfd4 24. Ba3 Qd8 25. Bb2 Ne6 26. Bxg7 Kxg7 27. Rbb2
Ne7 28. Ne3 Rxf4 29. Rbd2 Qa5 30. Ng2 Qg5 31. Kh1 Rf6 32. Rxd6 Qc5 33. Rdd2 Ng5
34. Qf1 Nf5 35. Rd7+ Kh6 36. Rd5 Qe7 37. Qc1 Re6 38. Qf4 Kg7 39. Rfd2 Nf7 40.
Rd7 Qf6 41. Bxf5 Bxf5 42. Ne3 Bh3 43. Qxf6+ Rxf6 44. Re7 Rxf3 45. Kg1 Kf8 46.
Re4 Ng5 47. Rd8+ Kf7 48. Re5 Ne6 49. Rd2 Kf6 50. Re4 Ng5 51. Nd5+ Kg7 52. Re1
Rf7 53. Rde2 Nf3+ 54. Kf2 Bg4 55. Re3 Nxe1+ 56. Kxe1 Bf3 57. Nc3 Bc6 58. Ke2
Kf6 59. Kd2 Rd7+ 60. Kc2 Re7 61. Rg3 Re1 62. b4 Rh1 63. Rh3 h5 64. Kb3 Bg2 65.
Rd3 Rxh2 66. Rd2 h4 67. b5 h3 68. Ne4+ Bxe4 69. Rxh2 Bg2 70. c5 g5 71. a4 Ke6
72. a5 Kd7 73. Kc4 g4 74. a6 bxa6 75. b6 axb6 76. cxb6 0-1